000 01066nam a2200313 4500
001 0000013531
003 CO-CtgCURN
005 20250331184415.0
007 ta
008 160627s1990 000 0 eng d
020 _a9682437652
040 _aCO-CtgCURN
_bspa
_ccoctgcurn
082 0 _a340.1
_bM17f
100 1 _aMarquez Piñero, Rafael.
245 1 0 _aFilosofia del derecho /
_cRafael Marquez Piñero.
260 _aMexico :
_bTrillas,
_c1990.
300 _a67 p.
336 _2rdacontent
337 _2rdamedia
_asin mediacion
_bn
338 _2rdacarrier
_avolumen
_bnc
500 _aIncluye indice.
504 _aBibliografia ( p. 59 )
505 8 _aFilosofia y derecho antecedentes.--Objeto.logica construcción de lo juridico.--Jusnaturalismo, positivismo y realismo.--El concepto del derecho en el jusnaturalismo
650 1 4 _aFilosofia.
908 _a160627
942 _cBK
_h340.1
_iM17f
_2ddc
999 _c18724
_d18724